Rôles équipages one piece - Statistiques

Statistiques générales
  • Ce quiz a été pris 33 fois
  • Le résultat moyen est 10 sur 17
Statistiques - réponses
Réponse % Correct
Navigateur
96%
Capitaine
93%
Docteur
93%
Musicien
86%
Archéologue
82%
Charpentier
79%
Second
79%
Timmonier
75%
Cuisiner
68%
Tireur d'Elite
64%
Epéiste
57%
Canonnier
32%
Commandant
21%
Messager
18%
Mousse
18%
Artiste Martial
4%
Assassin
4%
Aucun quiz correspondant
Distribution des résultats
% des personnes avec chaque résultat
Percentile par nombre de réponses
Votre historique - résultats
Vous n’avez pas pris ce quiz